[Event "Asian Cities-chT"]
[Site "Khanty-Mansiysk"]
[Date "2024.04.29"]
[Round "9.2"]
[White "Bayantas, Asman"]
[Black "Bocharov, Ivan"]
[Result "1-0"]
[WhiteElo "2127"]
[BlackElo "2559"]
[PlyCount "141"]
[EventDate "2024.04.21"]
[EventType "team-swiss"]
[EventRounds "9"]
[EventCountry "RUS"]
[SourceTitle "CB18_2024"]
[SourceDate "2024.05.01"]
[SourceVersion "1"]
[SourceVersionDate "2024.05.01"]
[SourceQuality "2"]
[WhiteTeam "Pavlodar"]
[BlackTeam "Surgut"]
[WhiteTeamCountry "KAZ"]
[BlackTeamCountry "RUS"]

1. d4 d5 2. c4 e6 3. g3 Nf6 4. Bg2 Bb4+ 5. Nd2 0-0 6. Ngf3 b6 7. 0-0 Bb7 8. a3 Be7 9. cxd5 exd5 10. b4 a5 11. b5 c6 12. Qa4 cxb5 13. Qxb5 Ba6 14. Qb2 Bxe2 15. Re1 Ba6 16. Ne5 Ra7 17. Nf1 Nfd7 18. Ne3 Nxe5 19. dxe5 d4 20. Nf5 Bc5 21. Qd2 f6 22. e6 Bc4 23. Bb2 Re8 24. e7 Bxe7 25. Qxd4 Qxd4 26. Bxd4 Rd7 27. Bxb6 Kf7 28. Rxe7+ Rexe7 29. Nxe7 Rxe7 30. Bxa5 Ra7 31. Bd2 Ra4 32. Rc1 Be6 33. Rc7+ Kg6 34. Bb4 Na6 35. Ra7 Rxb4 36. axb4 Nxb4 37. f4 Bf5 38. h3 h5 39. Ra5 Bd7 40. Kh2 Bc6 41. Bf1 Nd5 42. Rc5 Ne7 43. Be2 h4 44. Bd3+ Kf7 45. gxh4 Bd7 46. h5 Kf8 47. Kg3 Be6 48. Be4 Bb3 49. Rb5 Bc4 50. Rb4 Ba2 51. Bg6 Ng8 52. Rb8+ Ke7 53. Rb7+ Kf8 54. Kf2 Be6 55. Rb8+ Ke7 56. Rb7+ Kf8 57. Ke3 Nh6 58. h4 Nf5+ 59. Bxf5 Bxf5 60. Rb8+ Kf7 61. Rh8 Bg4 62. Ke4 Bd1 63. f5 Be2 64. Kf4 Bd1 65. h6 gxh6 66. Rxh6 Kg7 67. Rg6+ Kf7 68. Rg1 Be2 69. Re1 Bh5 70. Ra1 Kg7 71. Ke4 1-0

[Event "Asian Cities-chT"]
[Site "Khanty-Mansiysk"]
[Date "2024.04.28"]
[Round "8.2"]
[White "Bayantas, Asman"]
[Black "Salim, Mohammed Salim Al"]
[Result "1-0"]
[WhiteElo "2127"]
[BlackElo "1938"]
[PlyCount "73"]
[EventDate "2024.04.21"]
[EventType "team-swiss"]
[EventRounds "9"]
[EventCountry "RUS"]
[SourceTitle "CB18_2024"]
[SourceDate "2024.05.01"]
[SourceVersion "1"]
[SourceVersionDate "2024.05.01"]
[SourceQuality "2"]
[WhiteTeam "Pavlodar"]
[BlackTeam "Muscat"]
[WhiteTeamCountry "KAZ"]
[BlackTeamCountry "OMN"]

1. d4 Nf6 2. c4 e6 3. g3 d5 4. Bg2 Bb4+ 5. Nd2 0-0 6. Ngf3 dxc4 7. Qc2 b5 8. a4 Ba6 9. 0-0 c6 10. axb5 cxb5 11. Ng5 h6 12. Nxf7 Rxf7 13. Bxa8 Nd5 14. Nf3 Bd6 15. Ne5 Rc7 16. Qg6 Bc8 17. Ng4 Kh8 18. Bd2 b4 19. e4 Nb6 20. e5 Nxa8 21. exd6 Qxd6 22. Bf4 Qb6 23. Bxc7 Nxc7 24. Ne5 Kg8 25. Qf7+ Kh7 26. Nxc4 Qc6 27. Ne5 Qd6 28. Rxa7 Nba6 29. Qg6+ Kg8 30. Nf7 Qxd4 31. Nxh6+ Kh8 32. Nf7+ Kg8 33. Ng5 Qf6 34. Rxc7 Nxc7 35. Qh7+ Kf8 36. Qh8+ Ke7 37. Qxc8 1-0

[Event "Astana Zhuldyzdary op-A"]
[Site "Astana"]
[Date "2023.07.12"]
[Round "2"]
[White "Sovetbekova, Nurai"]
[Black "Bayantas, Asman"]
[Result "0-1"]
[WhiteElo "1823"]
[BlackElo "2046"]
[PlyCount "68"]
[EventDate "2023.07.11"]
[EventType "swiss"]
[EventRounds "10"]
[EventCountry "KAZ"]
[SourceTitle "CBM 215 Extra"]
[Source "ChessBase"]
[SourceDate "2023.09.30"]
[SourceVersion "1"]
[SourceVersionDate "2023.09.30"]
[SourceQuality "1"]

1. d4 Nf6 2. c4 g6 3. Nc3 Bg7 4. e4 0-0 5. Nf3 d6 6. Bd3 Bg4 7. Be2 Nfd7 8. Be3 c5 9. d5 Qa5 10. Qb3 e6 11. 0-0 exd5 12. exd5 Na6 13. Bf4 Bxf3 14. Bxf3 Ne5 15. Be2 Qb4 16. Nb5 Rfd8 17. Qc2 Qa5 18. a3 Qb6 19. Rfe1 Nc7 20. Nc3 a6 21. Bf1 Re8 22. h3 f5 23. Re3 Qa7 24. Rae1 Rab8 25. a4 Kh8 26. Kh1 Qa8 27. Qd2 b6 28. h4 Bf6 29. Rh3 Nf7 30. Bd3 Rxe1+ 31. Qxe1 Re8 32. Qd2 Qc8 33. Nd1 Be5 34. Bxe5+ Rxe5 0-1